[Event "SVK-chT2A 2223"]
[Site "Slovakia"]
[Date "2023.01.15"]
[Round "7.2"]
[White "Blaho, Stefan"]
[Black "Sosovicka, Matej"]
[Result "1-0"]
[WhiteElo "2030"]
[BlackElo "2151"]
[PlyCount "69"]
[EventDate "2022.10.08"]
[EventType "team-tourn"]
[EventRounds "11"]
[EventCountry "SVK"]
[SourceTitle "EXT 2024"]
[Source "ChessBase"]
[SourceDate "2023.10.10"]
[SourceVersion "1"]
[SourceVersionDate "2023.10.10"]
[SourceQuality "1"]
[WhiteTeam "Dunajska Streda II"]
[BlackTeam "Krasnany"]
[WhiteTeamCountry "SVK"]
[BlackTeamCountry "SVK"]

1. d4 d5 2. c4 c6 3. Nc3 Nf6 4. Nf3 e6 5. Qd3 Nbd7 6. g3 dxc4 7. Qxc4 Bd6 8. Bf4 Nb6 9. Qb3 Bxf4 10. gxf4 Nbd5 11. e3 b6 12. Be2 Bb7 13. Nxd5 Qxd5 14. Qxd5 Nxd5 15. 0-0 Ke7 16. Rfc1 Rhc8 17. a3 c5 18. dxc5 Rxc5 19. Rxc5 bxc5 20. Rc1 Rc8 21. Ne5 f6 22. Nc4 Nb6 23. Na5 Bd5 24. f3 f5 25. b3 Kd6 26. Kf2 Rc7 27. Bd3 g6 28. h4 Rc8 29. e4 Bxb3 30. Ba6 Ba4 31. Bxc8 Nxc8 32. Nb7+ Ke7 33. Nxc5 Bd7 34. a4 Nd6 35. Ke3 1-0

[Event "SVK-chT1W 1718"]
[Site "Slovakia"]
[Date "2017.10.21"]
[Round "1.1"]
[White "Sipos, Istvan"]
[Black "Sosovicka, Matej"]
[Result "1-0"]
[WhiteElo "2460"]
[BlackElo "2181"]
[PlyCount "87"]
[EventDate "2017.10.21"]
[EventType "team-tourn"]
[EventRounds "11"]
[EventCountry "SVK"]
[SourceTitle "CBM 181 Extra"]
[Source "ChessBase"]
[SourceDate "2017.12.12"]
[SourceVersion "1"]
[SourceVersionDate "2017.12.12"]
[SourceQuality "1"]
[WhiteTeam "Gabcikovo Russel"]
[BlackTeam "Devinska Nova Ves"]
[WhiteTeamCountry "SVK"]
[BlackTeamCountry "SVK"]

1. c4 e5 2. Nc3 Nf6 3. g3 Bb4 4. Bg2 0-0 5. d3 Re8 6. e4 c6 7. Nge2 d5 8. exd5 cxd5 9. 0-0 d4 10. Nd5 Nxd5 11. Bxd5 Nc6 12. a3 Bd6 13. Bg2 a5 14. h3 g5 15. Qd2 g4 16. hxg4 Bxg4 17. Be4 f5 18. Bd5+ Kh8 19. f3 Bh5 20. Kg2 Qf6 21. Qg5 Qxg5 22. Bxg5 Be7 23. Bxc6 bxc6 24. Bxe7 Rxe7 25. Rh1 Bg6 26. f4 Rb8 27. b4 axb4 28. axb4 Rxb4 29. fxe5 Rb2 30. Kf3 c5 31. Nf4 Be8 32. Rhe1 Rd2 33. Ra6 Kg7 34. Rf6 Bd7 35. Rd6 Bc8 36. Nd5 Bb7 37. Rb6 Rxd3+ 38. Kf4 Bxd5 39. cxd5 Rd2 40. Kxf5 Rf2+ 41. Ke4 Rg2 42. d6 Ra7 43. e6 Rxg3 44. d7 1-0

[Event "SVK-chT2A 1617"]
[Site "Slovakia"]
[Date "2017.03.12"]
[Round "11.2"]
[White "Sosovicka, Matej"]
[Black "Kapusta, Petr"]
[Result "0-1"]
[WhiteElo "2190"]
[BlackElo "2231"]
[PlyCount "114"]
[EventDate "2016.10.08"]
[EventType "team-tourn"]
[EventRounds "11"]
[EventCountry "SVK"]
[SourceTitle "EXT 2018"]
[Source "ChessBase"]
[SourceDate "2017.10.13"]
[SourceVersion "1"]
[SourceVersionDate "2017.10.13"]
[SourceQuality "1"]
[WhiteTeam "Devinska Nova Ves II"]
[BlackTeam "Skalica"]
[WhiteTeamCountry "SVK"]
[BlackTeamCountry "SVK"]

1. e4 c5 2. Nf3 d6 3. d4 cxd4 4. Nxd4 Nf6 5. Nc3 a6 6. Bg5 e6 7. f4 h6 8. Bh4 Nbd7 9. Qf3 Be7 10. 0-0-0 Qc7 11. Bd3 g5 12. fxg5 Ne5 13. Qe2 Nfg4 14. Nf3 hxg5 15. Bg3 Bd7 16. h3 Nxd3+ 17. Qxd3 Ne5 18. Nxe5 dxe5 19. Bxe5 Qxe5 20. Qxd7+ Kf8 21. Rhf1 b5 22. Qb7 Rb8 23. Qa7 b4 24. Nd5 exd5 25. Rxd5 Qg3 26. Rdf5 Rh7 27. e5 Rc8 28. e6 Qxg2 29. R5f2 Qc6 30. Qe3 Bc5 31. Rxf7+ Rxf7 32. Rxf7+ Ke8 33. Qe2 Bd6 34. Rf1 Bf4+ 35. Kb1 Ke7 36. Re1 Qc4 37. Qg2 Rc6 38. h4 Rxe6 39. Qb7+ Kf6 40. hxg5+ Bxg5 41. Qf3+ Qf4 42. Rxe6+ Kxe6 43. Qc6+ Qd6 44. Qe4+ Kf6 45. Qe2 Bf4 46. Qh5 Be5 47. Qh6+ Ke7 48. Qh7+ Kd8 49. Qg8+ Kc7 50. Qc4+ Kb6 51. a3 bxa3 52. Qb3+ Ka7 53. Qf7+ Qc7 54. Qxc7+ Bxc7 55. bxa3 Kb6 56. Kb2 Ka5 57. Kb3 Bd6 0-1

[Event "SVK-chT 1617"]
[Site "Slovakia"]
[Date "2017.02.19"]
[Round "8.4"]
[White "Sosovicka, Matej"]
[Black "Pcola, Jaroslav1111"]
[Result "0-1"]
[WhiteElo "2169"]
[BlackElo "2046"]
[PlyCount "80"]
[EventDate "2016.10.22"]
[EventType "team-tourn"]
[EventRounds "11"]
[EventCountry "SVK"]
[SourceTitle "CBM 177 Extra"]
[Source "ChessBase"]
[SourceDate "2017.04.27"]
[SourceVersion "1"]
[SourceVersionDate "2017.04.27"]
[SourceQuality "1"]
[WhiteTeam "Devinska Nova Ves"]
[BlackTeam "Humenne Reinter"]
[WhiteTeamCountry "SVK"]
[BlackTeamCountry "SVK"]

1. e4 c5 2. Nf3 Nc6 3. d4 cxd4 4. Nxd4 g6 5. c4 Nf6 6. Nc3 Nxd4 7. Qxd4 d6 8. Be3 Bg7 9. f3 0-0 10. Qd2 a5 11. Be2 a4 12. 0-0 Qa5 13. Rac1 Be6 14. Rfd1 Rfc8 15. Nb5 Qxd2 16. Rxd2 Nd7 17. Nd4 Nc5 18. Kf2 Bd7 19. Rdc2 Kf8 20. Rb1 Na6 21. b4 axb3 22. axb3 e5 23. Nb5 Bxb5 24. Rd2 Bd7 25. Rxd6 Be6 26. b4 Bf6 27. Rb6 Bd8 28. Rxb7 Bxc4 29. b5 Bxe2 30. Kxe2 Nc5 31. Bxc5+ Rxc5 32. b6 Rc6 33. Ra7 Rb8 34. b7 Ke7 35. Ra8 Bc7 36. Rb5 f6 37. h3 Kd7 38. Rd5+ Rd6 39. Rc5 Rxb7 40. Rh8 Rb2+ 0-1

[Event "SVK-chT 1617"]
[Site "Slovakia"]
[Date "2017.01.15"]
[Round "6.6"]
[White "Sosovicka, Matej"]
[Black "Zambor, Norbert"]
[Result "0-1"]
[WhiteElo "2169"]
[BlackElo "2289"]
[PlyCount "72"]
[EventDate "2016.10.22"]
[EventType "team-tourn"]
[EventRounds "11"]
[EventCountry "SVK"]
[SourceTitle "CBM 177 Extra"]
[Source "ChessBase"]
[SourceDate "2017.04.27"]
[SourceVersion "1"]
[SourceVersionDate "2017.04.27"]
[SourceQuality "1"]
[WhiteTeam "Devinska Nova Ves"]
[BlackTeam "Prakovce"]
[WhiteTeamCountry "SVK"]
[BlackTeamCountry "SVK"]

1. e4 c5 2. Nf3 Nc6 3. d4 cxd4 4. Nxd4 e5 5. Nb5 d6 6. c4 Be7 7. Bd3 Be6 8. 0-0 Qd7 9. b3 a6 10. N5c3 Bd8 11. Nd5 Nge7 12. Nbc3 0-0 13. Bb2 Rb8 14. Kh1 Ng6 15. a4 Nce7 16. Qc2 Rc8 17. Rad1 Bxd5 18. Nxd5 Nxd5 19. exd5 f5 20. b4 e4 21. Be2 Bf6 22. Bxf6 Rxf6 23. c5 a5 24. Bb5 Qd8 25. c6 b6 26. bxa5 bxa5 27. Rb1 Ne5 28. Ba6 Rc7 29. Rb7 Rxb7 30. cxb7 Rf8 31. Rb1 Nd7 32. Qc8 Nb8 33. Rc1 Qf6 34. Qc7 Nxa6 35. Qxa5 Qb2 36. Rf1 Qxb7 0-1

[Event "SVK-chT 1516"]
[Site "Slovakia"]
[Date "2016.04.10"]
[Round "11.2"]
[White "Sosovicka, Matej"]
[Black "Repkova, Eva"]
[Result "0-1"]
[WhiteElo "2087"]
[BlackElo "2317"]
[PlyCount "56"]
[EventDate "2015.10.10"]
[EventType "team-tourn"]
[EventRounds "11"]
[EventCountry "SVK"]
[SourceTitle "EXT 2017"]
[Source "ChessBase"]
[SourceDate "2016.10.25"]
[SourceVersion "1"]
[SourceVersionDate "2016.10.25"]
[SourceQuality "1"]
[WhiteTeam "Devinska Nova Ves"]
[BlackTeam "Stara Lubovna Angelus"]
[WhiteTeamCountry "SVK"]
[BlackTeamCountry "SVK"]

1. e4 e5 2. Nf3 Nc6 3. Bc4 Bc5 4. d3 d6 5. c3 Nf6 6. 0-0 a6 7. Bb3 Ba7 8. Nbd2 0-0 9. h3 Kh8 10. Re1 Nh5 11. Nf1 Qf6 12. Be3 Nf4 13. Bxa7 Rxa7 14. Ne3 Ne7 15. Kh2 Qh6 16. Ng1 f5 17. exf5 Nxf5 18. Ng4 Qg6 19. g3 Nh5 20. Qe2 c6 21. Rad1 b5 22. d4 exd4 23. cxd4 Nf6 24. Bc2 Re7 25. Qxe7 Nxg4+ 26. hxg4 Qh6+ 27. Kg2 Nxe7 28. Rxe7 Qf6 0-1

[Event "SVK-chT 1516"]
[Site "Slovakia"]
[Date "2016.04.09"]
[Round "10.2"]
[White "Michel, Norbert"]
[Black "Sosovicka, Matej"]
[Result "1/2-1/2"]
[WhiteElo "1927"]
[BlackElo "2087"]
[PlyCount "82"]
[EventDate "2015.10.10"]
[EventType "team-tourn"]
[EventRounds "11"]
[EventCountry "SVK"]
[SourceTitle "EXT 2017"]
[Source "ChessBase"]
[SourceDate "2016.10.25"]
[SourceVersion "1"]
[SourceVersionDate "2016.10.25"]
[SourceQuality "1"]
[WhiteTeam "Humenne Reinter"]
[BlackTeam "Devinska Nova Ves"]
[WhiteTeamCountry "SVK"]
[BlackTeamCountry "SVK"]

1. e4 e6 2. d3 d5 3. Nd2 c5 4. Ngf3 Nc6 5. g3 Nf6 6. Bg2 Qc7 7. 0-0 Be7 8. Re1 b6 9. Nf1 Bb7 10. Bf4 e5 11. Nxe5 Nxe5 12. exd5 Nfd7 13. Bxe5 Nxe5 14. f4 0-0-0 15. fxe5 Bxd5 16. Bxd5 Rxd5 17. Qf3 Rhd8 18. Ne3 Rxe5 19. Nc4 Rxe1+ 20. Rxe1 Bf6 21. Qa8+ Qb8 22. Qc6+ Qc7 23. Qa8+ Qb8 24. Qe4 Qb7 25. Qxh7 Bd4+ 26. Ne3 Qf3 27. Qe4 Qxe4 28. dxe4 Bxe3+ 29. Rxe3 Rd2 30. Kf1 Rxc2 31. Re2 Rxe2 32. Kxe2 Kd7 33. Kd3 Ke6 34. Kc4 Ke5 35. Kb5 Kxe4 36. Ka6 c4 37. a4 Kd4 38. Kxa7 Kc5 39. Ka6 f5 40. h4 Kc6 41. Ka7 b5 1/2-1/2

[Event "SVK-chT 1516"]
[Site "Slovakia"]
[Date "2016.02.28"]
[Round "8.3"]
[White "Bombek, Peter"]
[Black "Sosovicka, Matej"]
[Result "1/2-1/2"]
[WhiteElo "2157"]
[BlackElo "2087"]
[PlyCount "105"]
[EventDate "2015.10.10"]
[EventType "team-tourn"]
[EventRounds "11"]
[EventCountry "SVK"]
[SourceTitle "EXT 2017"]
[Source "ChessBase"]
[SourceDate "2016.10.25"]
[SourceVersion "1"]
[SourceVersionDate "2016.10.25"]
[SourceQuality "1"]
[WhiteTeam "Dubnica nad Vahom"]
[BlackTeam "Devinska Nova Ves"]
[WhiteTeamCountry "SVK"]
[BlackTeamCountry "SVK"]

1. d4 d5 2. c4 c6 3. Nf3 Nf6 4. cxd5 cxd5 5. Nc3 Nc6 6. Bf4 Bf5 7. e3 a6 8. Bd3 Bxd3 9. Qxd3 e6 10. 0-0 Be7 11. h3 0-0 12. Rac1 Rc8 13. a3 Na5 14. b4 Nc4 15. Na4 Ne4 16. Nc5 Nxc5 17. bxc5 b6 18. Ne5 Nxe5 19. Bxe5 bxc5 20. dxc5 Rc6 21. Rc2 Qa5 22. Rfc1 Rxc5 23. Rxc5 Bxc5 24. Qc3 Qxc3 25. Rxc3 Be7 26. a4 f6 27. Bd4 e5 28. Bb6 Kf7 29. Rc7 Ke6 30. Ra7 Rc8 31. Rxa6 Rc6 32. a5 Bd8 33. Kf1 g5 34. Ra7 Bxb6 35. axb6 Rxb6 36. Rxh7 Rb1+ 37. Ke2 Rb2+ 38. Kf3 Rd2 39. Ra7 Rb2 40. Ra6+ Ke7 41. Ra4 Ke6 42. h4 gxh4 43. Rxh4 Ra2 44. g4 Ra1 45. Rh8 Rg1 46. Re8+ Kd6 47. Rd8+ Ke6 48. Ra8 Rb1 49. Ra6+ Ke7 50. Ra8 Ke6 51. Ra6+ Ke7 52. Kg2 Rc1 53. Rb6 1/2-1/2

[Event "SVK-chT 1415"]
[Site "Slovakia"]
[Date "2014.10.26"]
[Round "2.3"]
[White "Rachela, Milan"]
[Black "Sosovicka, Matej"]
[Result "1-0"]
[WhiteElo "2368"]
[BlackElo "2155"]
[PlyCount "61"]
[EventDate "2014.10.25"]
[EventType "team-tourn"]
[EventRounds "11"]
[EventCountry "SVK"]
[SourceTitle "EXT 2015"]
[Source "ChessBase"]
[SourceDate "2014.11.20"]
[SourceVersion "1"]
[SourceVersionDate "2014.11.20"]
[SourceQuality "1"]
[WhiteTeam "Dunajska Streda"]
[BlackTeam "Devinska Nova Ves"]
[WhiteTeamCountry "SVK"]
[BlackTeamCountry "SVK"]

1. d4 d5 2. Bg5 Nf6 3. Nc3 Nbd7 4. Qd3 c5 5. 0-0-0 e6 6. e4 dxe4 7. Nxe4 Be7 8. Bxf6 Nxf6 9. Nxf6+ Bxf6 10. dxc5 Qxd3 11. Bxd3 Bd7 12. Be4 0-0-0 13. Nf3 Kc7 14. h4 h6 15. g4 Bc6 16. Bxc6 bxc6 17. c3 Rd5 18. Rxd5 cxd5 19. Kc2 Kc6 20. b4 a5 21. Kb3 g6 22. Rd1 Rb8 23. a3 e5 24. g5 hxg5 25. hxg5 Bg7 26. Rh1 Rh8 27. Rxh8 Bxh8 28. c4 f5 29. Nh4 d4 30. Nxg6 Bg7 31. Ne7+ 1-0

[Event "SVK-ch U18"]
[Site "Stara Lubovna"]
[Date "2014.04.12"]
[Round "9"]
[White "Dolnak, Michal"]
[Black "Sosovicka, Matej"]
[Result "1-0"]
[WhiteElo "2139"]
[BlackElo "2060"]
[PlyCount "49"]
[EventDate "2014.04.05"]
[EventType "swiss"]
[EventRounds "9"]
[EventCountry "SVK"]
[SourceTitle "EXT 2016"]
[Source "ChessBase"]
[SourceDate "2015.10.08"]
[SourceVersion "1"]
[SourceVersionDate "2015.10.08"]
[SourceQuality "1"]

1. d4 d5 2. Nf3 Nf6 3. c4 c6 4. e3 e6 5. b3 Bb4+ 6. Nbd2 Ne4 7. Bd3 f5 8. 0-0 0-0 9. a3 Bd6 10. b4 Nd7 11. Bb2 a5 12. c5 Bc7 13. Ne5 Nxe5 14. dxe5 Bd7 15. Nb3 a4 16. Nc1 Be8 17. f3 Bh5 18. Ne2 Qg5 19. Nf4 Rae8 20. Qe1 b6 21. Nxh5 Qxh5 22. fxe4 fxe4 23. Rxf8+ Rxf8 24. Be2 Qg5 25. Qg3 1-0

[Event "SVK-ch U18"]
[Site "Stara Lubovna"]
[Date "2014.04.07"]
[Round "4"]
[White "Sosovicka, Matej"]
[Black "Balazs, Ladislav"]
[Result "1-0"]
[WhiteElo "2060"]
[BlackElo "1982"]
[PlyCount "63"]
[EventDate "2014.04.05"]
[EventType "swiss"]
[EventRounds "9"]
[EventCountry "SVK"]
[SourceTitle "EXT 2016"]
[Source "ChessBase"]
[SourceDate "2015.10.08"]
[SourceVersion "1"]
[SourceVersionDate "2015.10.08"]
[SourceQuality "1"]

1. e4 c5 2. Nf3 e6 3. d4 cxd4 4. Nxd4 Nf6 5. Nc3 Bc5 6. Nb3 Bb4 7. Bd3 Nc6 8. 0-0 Bxc3 9. bxc3 0-0 10. Qe2 Qc7 11. f4 e5 12. c4 d6 13. f5 Kh8 14. Kh1 Rg8 15. g4 Nd7 16. g5 Nf8 17. Be3 b6 18. Rf3 g6 19. Raf1 Nd8 20. Nd2 Qe7 21. Qf2 gxf5 22. exf5 f6 23. gxf6 Qf7 24. Ne4 Bb7 25. Bh6 Rg4 26. Bg7+ Kg8 27. Nxd6 Bxf3+ 28. Qxf3 Qd7 29. Qxg4 Qxd6 30. Be4 Rc8 31. Bd5+ Nf7 32. Bh6+ 1-0

[Event "SVK-chT2A 1314"]
[Site "Slovakia"]
[Date "2014.02.22"]
[Round "8.5"]
[White "Banasova, Katarina"]
[Black "Sosovicka, Matej"]
[Result "1/2-1/2"]
[WhiteElo "2144"]
[BlackElo "2098"]
[PlyCount "64"]
[EventDate "2013.10.19"]
[EventType "team-tourn"]
[EventRounds "11"]
[EventCountry "SVK"]
[SourceTitle "EXT 2015"]
[Source "ChessBase"]
[SourceDate "2014.11.20"]
[SourceVersion "1"]
[SourceVersionDate "2014.11.20"]
[SourceQuality "1"]
[WhiteTeam "Modra II"]
[BlackTeam "Devinska Nova Ves II"]
[WhiteTeamCountry "SVK"]
[BlackTeamCountry "SVK"]

1. e4 e5 2. Bc4 Nf6 3. d3 Nc6 4. Nf3 Bc5 5. 0-0 d6 6. c3 a6 7. Bb3 0-0 8. Nbd2 Ba7 9. Re1 Ng4 10. Re2 Kh8 11. h3 Nh6 12. Nf1 f5 13. exf5 Nxf5 14. N1h2 Qf6 15. Qe1 Ng3 16. Rc2 Na5 17. Be3 Nxb3 18. axb3 Nh5 19. Bxa7 Rxa7 20. Qe3 Ra8 21. Ng4 Bxg4 22. hxg4 Nf4 23. Nh2 Qe6 24. c4 Qg6 25. Rd2 Ne6 26. b4 Nd4 27. Ra3 Rae8 28. f3 c6 29. Nf1 Rf7 30. Ng3 Ref8 31. Rf2 Qe6 32. Ra1 Qd7 1/2-1/2